| 000 | 01142cam a22003257a 4500 | ||
|---|---|---|---|
| 003 | CHAP | ||
| 005 | 20220329140204.0 | ||
| 008 | 971013s1984 uk r 00010 eng d | ||
| 010 | _a48289 | ||
| 011 | _a49261 | ||
| 035 | _a53409 | ||
| 040 | _cCHAP | ||
| 082 | 0 | 4 |
_a632.954 _bR53 |
| 100 | 0 | 0 |
_aRichardson, W. G. _997288 |
| 245 | 1 | 4 |
_aThe activity and post-emergence selectivity of some recently developed herbicides _b: AC 252214, DPX-T6376, and chorazifod _c/por W. G. Richardson, T. M. West y G. P. White |
| 260 |
_aOxford : _bWeed Research Organization, _c1984 |
||
| 300 | _a[40 p.] | ||
| 490 | 0 |
_aTechnical report _v; 74 |
|
| 590 |
_aBATCH-UPD _b10 _c20130110 _lUCH01 _h0910 |
||
| 590 |
_aCONVERSION _b10 _c20130109 _lUCH01 _h1326 |
||
| 650 | 1 | 4 |
_aHerbicidas. _953691 |
| 650 | 1 | 4 |
_aMalas hierbas _xControl. _970011 |
| 700 | 0 |
_aWest, T. M. _9121533 |
|
| 700 | 0 |
_aWhite, G. P. _9121689 |
|
| 830 | 0 |
_aTechnical report _v; 74 _9111907 |
|
| 901 | _aBK | ||
| 942 | _cLIBRO | ||
| 949 |
_a632.954 R53 _bBC _cLIBRO _d33724000187779 _eLIBRO _gI. c/e _h69495 _i53409 _si |
||
| 949 |
_a632.954 R53 _bBC _cLIBRO _d33724000187787 _eLIBRO _fc.2 _h71524 _i53409 _si |
||
| 999 |
_c48289 _d48289 |
||